| 000 | 00459nam a22001577a 4500 | ||
|---|---|---|---|
| 020 | _a419 10290 6 | ||
| 082 |
_a624.18341 _bFAB _cL-19, P-39 |
||
| 100 |
_aFaber, John _943109 |
||
| 245 | _aOscar Faber's reinforced concrete. | ||
| 260 |
_aGreat Britain _bRedwood Press Ltd. _c1965 |
||
| 300 |
_axv, 532p. : _bill. : _c6 Cm |
||
| 526 |
_a0 _b0 _c0 _d624_183410000000000_FAB |
||
| 526 |
_a0 _b0 _c0 _d624_183410000000000_FAB |
||
| 650 |
_aMCE _9379 |
||
| 942 |
_2ddc _cBK |
||
| 999 |
_c546907 _d546907 |
||